| Поле | Название | Значение |
| |
Тип записи |
a |
| |
Библиографический уровень |
m |
| 001 |
Контрольный номер |
RU/IS/BASE/341584874 |
| 005 |
Дата корректировки |
20251003164059.9 |
| 010 |
Индекс ISBN |
__ |
| d |
Цена |
150-00 |
| 101 |
Язык документа |
1_ |
| a |
Язык текста |
fre |
| c |
Язык оригинала |
rus |
| 200 |
Заглавие и сведения об ответственности |
1_ |
| a |
Заглавие |
La mere de Dieu dans les neiges de sang |
| f |
Первые сведения об ответственности |
Eremei Aipine ; Traduit du russe (Siberie) par Anne-Victoire Chareein et Anne Coldefy-Faucsrd |
| b |
Общее обозначение материала |
Текст |
| 200 |
Заглавие и сведения об ответственности |
__ |
| d |
Параллельное заглавие |
Божья матерь в кровавых снегах |
| 210 |
Выходные данные |
__ |
| a |
Место издания |
Paris |
| c |
Издательство |
Paulsen |
| d |
Дата издания |
2010 |
| 215 |
Физическое описание |
__ |
| a |
Объем |
323, [3] p. |
| 300 |
Общие примечания |
__ |
| a |
Общие примечания |
Текст на фр. яз. |
| a |
Общие примечания |
Дар Е. Д. Айпина |
| a |
Общие примечания |
Кн. с автогр. авт. |
| 330 |
Аннотация |
__ |
| a |
Аннотация |
Роман известного хантыйского писателя и общественного деятеля Еремея Айпина посвящен событиям 1933-1934 годов - восстанию коренных народов Обского Севера, не желающих покоряться советскому режиму. Страшное в своей правдивости безжалостное повествование о подавлении мятежа переходит местами в притчу местами - в раздумья о жестокой участи и остяцкого и русского народа в XX веке. В центре сюжета - горькая судьба остяцкой женщины чью семью погубила война и эта драматическая история вписанная в общую картину красного произвола вырастает в пронзительный рассказ о трагедии человека семьи народа и в конечном итоге России утратившей свои основы в 1917 году. |
| 606 |
Тематические рубрики |
__ |
| a |
Основная рубрика |
Художественная литература |
| 606 |
Тематические рубрики |
__ |
| a |
Основная рубрика |
Литература народов России (произведения) |
| z |
Хронологическая подрубрика |
21 в. нач.; 20 в. |
| y |
Географическая подрубрика |
Россия; Тюменская область; ХМАО-Югра; СССР |
| 610 |
Ключевые слова |
__ |
| a |
Ключевые слова |
хантыйская литература; проза; восстания; остяки; ханты; тема советской власти; Казымское восстание; романы; краеведение; тема борьбы; тема любви; тема Севера; тема советского общества; тема войны; тема семьи; тема женщины; французский язык |
| 686 |
Индексы других классификаций |
__ |
| a |
Классификационный индекс |
К84(2Рос=Хат)6-4 |
| 700 |
Автор |
_1 |
| a |
Фамилия |
Aipine |
| b |
Имя |
E. D. |
| g |
Полное личное имя |
Eremei |
| 4 |
Код отношения |
070 |
| 702 |
Вторичная интеллектуальная ответственность |
__ |
| a |
Фамилия |
Chareein |
| b |
Имя |
A.-V. |
| 4 |
Код отношения |
Traduit du russe |
| 702 |
Вторичная интеллектуальная ответственность |
_1 |
| a |
Фамилия |
Coldefy-Faucsrd |
| b |
Имя |
A. |
| 4 |
Код отношения |
Traduit du russe |
| 702 |
Вторичная интеллектуальная ответственность |
_1 |
| a |
Фамилия |
Raichev |
| b |
Имя |
G. |
| 4 |
Код отношения |
Художник |
| 801 |
Источник записи |
_0 |
| a |
Страна |
RU |
| b |
Организация |
Муниципальное бюджетное учреждение культуры "Централизованная библиотечная система" г. Сургут (Центральная городская библиотека им. А. С. Пушкина) |
| g |
Правила каталогизации |
КиК/Поспелова |
| 801 |
Источник записи |
_1 |
| a |
Страна |
RU |
| b |
Организация |
Муниципальное бюджетное учреждение культуры "Централизованная библиотечная система" г. Сургут (Центральная городская библиотека им. А. С. Пушкина) |
| g |
Правила каталогизации |
КиК/Поспелова |
| 852 |
Данные о местонахождении |
__ |
| j |
Шифр хранения |
К84(2Рос=Хат)6-4 |
| i |
Авторский знак |
A 28 |
| 901 |
Тип документа |
__ |
| t |
Тип документа |
m |
| 903 |
Характеристики (МАРС) |
__ |
| a |
Дата передачи |
20101028 |
| 990 |
Данные о заказе (DOS) |
__ |
| j |
Количество экземпляров (DOS) |
1 |
| h |
N записи в КСУ для Б/У (DOS) |
201011 |